县级行政区知识问答#7 集美区 Jimei Multiple-choice - Statistics

General Stats
  • This quiz has been taken 9 times
  • The average score is 7 of 10
Answer Stats
Question Answer % Correct
集美区位于哪座城市? 厦门市
100%
集美区的主要地貌类型是什么? 丘陵、山地为主
100%
集美区的主要气候类型是? 亚热带季风气候
100%
集美区“凤山祖庙”与以下哪个地区有深厚文化渊源? 台湾
86%
集美区“集美学村”的创办者是谁? 陈嘉庚
86%
集美区成为台商投资区的时间是? 1992年
71%
集美区境内最长的河流是哪一条? 后溪
43%
集美区现存最古老的石桥“苎溪桥”建于哪个朝代? 宋代
43%
集美区“皇帝井”传说与哪位唐朝皇帝相关? 唐宣宗
29%
集美区最高峰是哪座山? 钉顶尾山
0%
No matching quizzes found
Score Distribution
Percent of People with Each Score
Percentile by Number Answered
Your Score History
You have not taken this quiz